Top 20 girls names in the uk 2011 - Statistics

General Stats
  • This quiz has been taken 4,066 times
  • The average score is 10 of 20
Answer Stats
Hint Answer % Correct
I Isabelle
80%
O Olivia
80%
E Emily
78%
L Lilly
65%
S Sophie
61%
C Charlotte
53%
J Jessica
53%
A Ava
52%
E Ella
52%
G Grace
52%
S Sophia
52%
C Chloe
49%
L Lucy
47%
A Amelia
46%
I Isabella
45%
M Mia
39%
I Isla
38%
R Ruby
30%
F Freya
29%
E Evie
27%
No matching quizzes found
Score Distribution
Percent of People with Each Score
Percentile by Number Answered
Your Score History
You have not taken this quiz